000 00513nam a22001817a 4500
005 20251108174546.0
008 250721s2005 xx 000 0 ara d
082 1 4 _a811.00822/ناج
100 1 _aناجي، حسن
_eمؤلف
245 1 0 _aصهيل الأصابع /
264 1 _aعمان :
_bمكتبة لكل بيت،
_c2005.
300 _a176ص.
650 1 7 _aالشعر العربي
650 1 7 _aشعر الغزل
700 1 _aالعزة، فادي
_eمصمم
942 _2ddc
_cBK
999 _c112256
_d112256